[Event "Team women chess final 2018"]
[Site "Sochi"]
[Date "2018.05.03"]
[Round "3.3"]
[White "Chan, Naruna"]
[Black "Mamontova, Anastasia"]
[Result "1-0"]
[WhiteElo "1927"]
[BlackElo "2051"]
[PlyCount "55"]
[EventDate "2018.05.01"]

1. e4 c6 2. d4 d5 3. e5 Bf5 4. h4 Qb6 5. Ne2 e6 6. a3 Nd7 7. Ng3 Ne7 8. c3 c5
9. Bd3 Bxd3 10. Qxd3 Nc6 11. Ne2 Rc8 12. O-O Be7 13. h5 g6 14. Nd2 gxh5 15. Nf3
Nf8 16. Nf4 h4 17. Be3 Ng6 18. Nh5 c4 19. Qe2 Qd8 20. Rab1 Na5 21. Nd2 a6 22.
b4 cxb3 23. Nxb3 Nc4 24. Nc5 Bxc5 25. Nf6+ Ke7 26. Bg5 Qa5 27. Rxb7+ Kd8 28.
Rd7# 1-0

[Event "Team women chess final 2018"]
[Site "Sochi"]
[Date "2018.05.03"]
[Round "3.4"]
[White "Denikina, Natalia"]
[Black "Azimova, Karina"]
[Result "1-0"]
[WhiteElo "2174"]
[BlackElo "2059"]
[PlyCount "79"]
[EventDate "2018.05.01"]

1. e4 Nf6 2. e5 Nd5 3. c4 Nb6 4. d4 d6 5. exd6 cxd6 6. Nc3 g6 7. Be3 Bg7 8. Rc1
O-O 9. b3 Bf5 10. d5 Na6 11. Nf3 Bg4 12. Be2 Nd7 13. h3 Bxf3 14. Bxf3 Ne5 15.
Be2 Nc5 16. b4 Na6 17. Qb3 Nb8 18. O-O Ned7 19. Nb5 a5 20. c5 Na6 21. c6 bxc6
22. dxc6 Nf6 23. c7 Qd7 24. bxa5 e6 25. Bb6 Bh6 26. Na7 Nc5 27. Rxc5 dxc5 28.
Ba6 Ne4 29. c8=Q Rfxc8 30. Bxc8 Rxc8 31. Nxc8 Nd2 32. Rd1 Qxc8 33. Qc2 Qd7 34.
a6 c4 35. a7 Qd5 36. Rxd2 Bxd2 37. a8=Q+ Qxa8 38. Qxd2 c3 39. Qd8+ Qxd8 40.
Bxd8 1-0

[Event "Team women chess final 2018"]
[Site "Sochi"]
[Date "2018.05.03"]
[Round "3.1"]
[White "Nikitina, Elena"]
[Black "Pogorelskikh, Sofia"]
[Result "1/2-1/2"]
[WhiteElo "2047"]
[BlackElo "2053"]
[PlyCount "138"]
[EventDate "2018.05.01"]
[WhiteTeam "Команда СК "]

1. d4 Nf6 2. Nf3 g6 3. g3 Bg7 4. Bg2 d5 5. b3 c5 6. e3 O-O 7. O-O cxd4 8. exd4
Nc6 9. Bb2 Bf5 10. a3 Ne4 11. Nbd2 Nxd2 12. Qxd2 Be4 13. Rac1 b5 14. Rfd1 Qb6
15. Ne5 Bxg2 16. Kxg2 Rfc8 17. Qe2 Rc7 18. Qf3 e6 19. Qd3 a5 20. f4 Rac8 21.
Rd2 Nxe5 22. dxe5 a4 23. Bd4 Qc6 24. b4 Qc4 25. Qxc4 Rxc4 26. c3 Bf8 27. Rf1
Be7 28. g4 R4c6 29. Rf3 Bd8 30. Rdd3 Bb6 31. Bxb6 Rxb6 32. g5 Rbc6 33. Rfe3 Rc4
34. Kf3 Kf8 35. h4 Ke7 36. Kg3 Rh8 37. Rd4 Rc6 38. Kf2 h6 39. Ke2 hxg5 40. fxg5
Rc4 41. Rh3 Rhc8 42. Kd2 Rh8 43. Ke2 Rcc8 44. Kd2 Rh5 45. Rf4 Rch8 46. Rg4 Rc8
47. Rd4 Rh7 48. Rf3 Rh5 49. Rh3 Rc4 50. Rh1 Rh8 51. Rh3 Rhc8 52. Rf3 R8c7 53.
Rh3 Rc8 54. Rf3 Rh8 55. Rh3 Kd7 56. Ke2 Ke7 57. Kd2 Rh5 58. Ke2 Rc8 59. Rf4
Rch8 60. Rg4 Kd7 61. Kd3 Ke7 62. Kd2 Rc8 63. Rd4 Rhh8 64. Rf3 Rc4 65. Rh3 Rhc8
66. Rf3 Rxd4+ 67. cxd4 Rc4 68. Rf4 Ke8 69. Rg4 Ke7 1/2-1/2

[Event "Team women chess final 2018"]
[Site "Sochi"]
[Date "2018.05.03"]
[Round "3.2"]
[White "Gutkovich, Polina"]
[Black "Grigorieva, Yulia"]
[Result "1-0"]
[WhiteElo "2057"]
[BlackElo "1969"]
[PlyCount "85"]
[EventDate "2018.05.01"]
[BlackTeam "Команда СК "]

1. d4 Nf6 2. c4 g6 3. Nc3 Bg7 4. Nf3 O-O 5. Bg5 d6 6. e3 Nbd7 7. h3 b6 8. Be2
Bb7 9. O-O h6 10. Bh4 e6 11. Qc2 g5 12. Bg3 Nh5 13. Bh2 f5 14. Nd2 Nhf6 15. d5
Qe7 16. dxe6 Qxe6 17. Nb5 Ne8 18. Bh5 a6 19. Nd4 Qf6 20. Rad1 Nc5 21. b4 Ne4
22. c5 dxc5 23. Nxe4 Bxe4 24. Qb3+ Kh8 25. bxc5 bxc5 26. Ne6 Bc2 27. Qxc2 Qxe6
28. Qxc5 Nf6 29. Bf3 Ne4 30. Qxc7 Rf7 31. Qa5 Rc8 32. Rd3 Rc2 33. a3 Kh7 34.
Bxe4 fxe4 35. Rd6 Qa2 36. Bg3 Rc3 37. Rxa6 Qe2 38. Ra7 Rxa7 39. Qxa7 h5 40. Be5
Qxf1+ 41. Kxf1 Rc1+ 42. Ke2 Rc2+ 43. Kd1 1-0

[Event "Team women chess final 2018"]
[Site "Sochi"]
[Date "2018.05.03"]
[Round "3.3"]
[White "Khatmullina, Dilara"]
[Black "Makarova, Darya"]
[Result "1-0"]
[WhiteElo "1860"]
[BlackElo "1892"]
[PlyCount "71"]
[EventDate "2018.05.01"]
[WhiteTeam "Команда СК "]

1. g3 d5 2. Bg2 c6 3. Nf3 Nf6 4. O-O Bg4 5. d3 Nbd7 6. Nbd2 e5 7. e4 Bd6 8. c3
O-O 9. Qc2 Nc5 10. b4 Ne6 11. Re1 Bxf3 12. Nxf3 d4 13. Bb2 Qc7 14. cxd4 Bxb4
15. Re2 exd4 16. Nxd4 Nxd4 17. Bxd4 Qd6 18. Bb2 Qe6 19. Rb1 a5 20. Bd4 c5 21.
Ba1 Rac8 22. e5 Nd7 23. Bxb7 Rc7 24. Be4 Rfc8 25. Qc4 Qe7 26. e6 fxe6 27. Bf5
Nf8 28. Bxe6+ Nxe6 29. Rxe6 Qf7 30. a3 h6 31. axb4 cxb4 32. Qe4 Rc2 33. Bd4 a4
34. Re7 Qa2 35. Rxg7+ Kf8 36. Qe7# 1-0

[Event "Team women chess final 2018"]
[Site "Sochi"]
[Date "2018.05.03"]
[Round "3.4"]
[White "Kalashnikova, Elena"]
[Black "Baiburina, Kamilla"]
[Result "0-1"]
[WhiteElo "1785"]
[BlackElo "1860"]
[PlyCount "78"]
[EventDate "2018.05.01"]
[BlackTeam "Команда СК "]

1. e4 d6 2. d4 Nf6 3. Nc3 Nbd7 4. Nf3 e5 5. Bc4 Be7 6. O-O O-O 7. Re1 c6 8. a4
a5 9. Ba2 Qc7 10. h3 h6 11. Be3 Re8 12. Nh4 Nf8 13. Qf3 Be6 14. Bxe6 Nxe6 15.
dxe5 dxe5 16. Nf5 Rad8 17. Nxe7+ Qxe7 18. Qg3 Nf4 19. Bxf4 Nh5 20. Qe3 Nxf4 21.
Ne2 Ne6 22. Qc3 Nc5 23. Ng3 b6 24. Nf5 Qf6 25. Qe3 Rd7 26. b4 axb4 27. Reb1 b3
28. cxb3 Rd3 29. Qe2 Red8 30. b4 Ne6 31. Rc1 Nf4 32. Qc2 Rd2 33. Qxc6 Ne2+ 34.
Kf1 Nxc1 35. Rxc1 Qg5 36. Ne3 Qf4 37. Ng4 h5 38. g3 Qf3 39. Qxb6 Qh1# 0-1

[Event "Team women chess final 2018"]
[Site "Sochi"]
[Date "2018.05.03"]
[Round "3.1"]
[White "Simakova, Elena"]
[Black "Yakimenko, Viktoria"]
[Result "1-0"]
[WhiteElo "1948"]
[BlackElo "2048"]
[PlyCount "113"]
[EventDate "2018.05.01"]
[BlackTeam "Аудиторская компания "]

1. c4 e6 2. Nf3 f5 3. e3 Nf6 4. Be2 Be7 5. b3 b6 6. Bb2 Bb7 7. Nc3 O-O 8. Qc2
c5 9. d4 Ne4 10. O-O d6 11. a3 Nd7 12. b4 Qe8 13. Rfd1 a6 14. dxc5 bxc5 15. b5
Qg6 16. a4 Ndf6 17. bxa6 Rxa6 18. Nb5 Ng4 19. Rf1 f4 20. exf4 Rxf4 21. Bc1 Rf5
22. Qb3 Ra8 23. Nc7 Ra7 24. a5 Bd8 25. Nb5 Rxa5 26. Rxa5 Bxa5 27. Nh4 Qh5 28.
Qh3 Ngxf2 29. Qxf5 Qxf5 30. Nxf5 exf5 31. Rxf2 Nxf2 32. Kxf2 d5 33. Bf3 Kf8 34.
Nd6 Ba6 35. Bxd5 g6 36. Be3 Bb6 37. Bb7 Bxb7 38. Nxb7 Kf7 39. Bxc5 Bc7 40. Bd6
Bb6+ 41. c5 Ba7 42. Kf3 Ke6 43. c6 Bb6 44. Bf4 h6 45. g4 fxg4+ 46. Kxg4 Bg1 47.
Nd8+ Ke7 48. Nf7 h5+ 49. Kg5 Bb6 50. Kxg6 h4 51. Nd6 Ke6 52. Nf5 h3 53. Kg5 Ba5
54. Kg4 Bb6 55. Ng7+ Kf7 56. Nf5 Kg6 57. c7 1-0

[Event "Team women chess final 2018"]
[Site "Sochi"]
[Date "2018.05.03"]
[Round "3.2"]
[White "Porozhnyak, Maya"]
[Black "Mironenko, Galina"]
[Result "0-1"]
[WhiteElo "2021"]
[BlackElo "2007"]
[PlyCount "82"]
[EventDate "2018.05.01"]
[WhiteTeam "Аудиторская компания "]

1. e4 c5 2. a3 g6 3. b4 Bg7 4. c3 d6 5. d4 cxd4 6. cxd4 e6 7. Nf3 Ne7 8. Be3
O-O 9. Nc3 b6 10. Be2 Bb7 11. Qb3 Nd7 12. O-O d5 13. e5 Nf5 14. Rac1 Nxe3 15.
fxe3 a6 16. Nd2 f6 17. Bg4 Qe7 18. exf6 Nxf6 19. Bf3 Rad8 20. Rfe1 Kh8 21. Na4
Qd6 22. Kh1 Nd7 23. Nc3 Rfe8 24. Nf1 Nf6 25. Qc2 e5 26. Qf2 exd4 27. exd4 Ne4
28. Qg1 Qf4 29. Ne2 Qh4 30. g3 Qf6 31. Qg2 Rf8 32. Nf4 g5 33. Bxe4 dxe4 34. Nh5
Qf7 35. Nxg7 e3 36. Rc6 Bxc6 37. Qxc6 e2 38. Nd2 Qf2 39. Qc1 Kxg7 40. d5 Rxd5
41. Qc3+ Kg8 0-1

[Event "Team women chess final 2018"]
[Site "Sochi"]
[Date "2018.05.03"]
[Round "3.3"]
[White "Mukhina, Jana"]
[Black "Yakimenko, Anastasia"]
[Result "0-1"]
[WhiteElo "2041"]
[BlackElo "2013"]
[PlyCount "86"]
[EventDate "2018.05.01"]
[BlackTeam "Аудиторская компания "]

1. e4 c5 2. Nf3 e6 3. Nc3 a6 4. d4 cxd4 5. Nxd4 Qc7 6. Bd3 Bc5 7. Nb3 Be7 8.
O-O Nf6 9. f4 d6 10. Be3 Nbd7 11. a4 b6 12. Qf3 Bb7 13. Qg3 g6 14. Qf3 Nc5 15.
Nxc5 bxc5 16. Bc4 Bc6 17. Rfe1 Qb7 18. Bf2 O-O 19. b3 d5 20. Bd3 Nxe4 21. Nxe4
dxe4 22. Bxe4 Rfc8 23. Qd3 Bf8 24. Rad1 Bxe4 25. Qxe4 Qc7 26. Qc4 a5 27. Re3
Rab8 28. c3 Qb7 29. Rb1 Qd5 30. Qa6 c4 31. b4 axb4 32. cxb4 Rc6 33. Qa7 Rxb4
34. Rxb4 Bxb4 35. Qb8+ Bf8 36. Be1 Qc5 37. Kf2 Rc8 38. Qb2 Qa7 39. Kf3 Bg7 40.
Qb5 c3 41. Qb1 c2 42. Qc1 Qb7+ 43. Ke2 Bb2 0-1

[Event "Team women chess final 2018"]
[Site "Sochi"]
[Date "2018.05.03"]
[Round "3.4"]
[White "Sergeeva, Natalia"]
[Black "Nasybullina, Dayana"]
[Result "1/2-1/2"]
[WhiteElo "1985"]
[BlackElo "1801"]
[PlyCount "126"]
[EventDate "2018.05.01"]
[WhiteTeam "Аудиторская компания "]

1. e4 c5 2. Nf3 Nc6 3. Bb5 g6 4. Bxc6 bxc6 5. O-O Bg7 6. d3 Nh6 7. h3 d6 8. Nc3
O-O 9. Bd2 f6 10. Nh2 Rb8 11. Rb1 f5 12. Qc1 Nf7 13. Kh1 d5 14. f3 e5 15. Na4
Qe7 16. a3 Re8 17. b4 cxb4 18. Bxb4 Qc7 19. Qe1 Bf8 20. Bxf8 Rxb1 21. Qxb1 Rxf8
22. Qb3 Qd6 23. Qc3 Ng5 24. f4 exf4 25. e5 Qc7 26. Nc5 Nf7 27. Re1 Re8 28. Nf3
h6 29. e6 Nd8 30. Nd4 Qg7 31. Qb4 a5 32. Qa4 Qf6 33. Nf3 Bxe6 34. Qxa5 g5 35.
Qd2 g4 36. Ng1 Qd4 37. Nb3 Qa4 38. d4 Qxa3 39. Qxf4 Qb4 40. Re3 Qe7 41. Qxh6
Qg7 42. Qf4 Nf7 43. Ne2 Qg5 44. Qg3 Nd6 45. Nc5 Ne4 46. Nxe4 fxe4 47. Ra3 Qd2
48. Nf4 Qxd4 49. Nxe6 Rxe6 50. Qxg4+ Kf7 51. Ra8 Ke7 52. Qf4 Kd7 53. Qf8 Re7
54. Qc8+ Kd6 55. Qd8+ Ke6 56. Qg8+ Kd6 57. Qd8+ Ke6 58. Qg8+ Kd6 59. Qg4 Kc5
60. Qe2 Rb7 61. Ra5+ Kd6 62. Qf1 Qe5 63. Ra1 e3 1/2-1/2

[Event "Team women chess final 2018"]
[Site "Sochi"]
[Date "2018.05.04"]
[Round "4.1"]
[White "Ambartsumova, Karina"]
[Black "Sazonova, Anastasia"]
[Result "1-0"]
[WhiteElo "2375"]
[BlackElo "2178"]
[PlyCount "79"]
[EventDate "2018.05.01"]

1. e4 e6 2. d4 d5 3. Nc3 Nf6 4. e5 Nfd7 5. f4 c5 6. Nf3 Nc6 7. Be3 Qb6 8. Na4
Qa5+ 9. c3 b6 10. Bd2 c4 11. b4 Nxb4 12. cxb4 Bxb4 13. Qc2 Bxd2+ 14. Nxd2 b5
15. Nc3 O-O 16. Be2 b4 17. Nd1 Qb6 18. Nf3 f6 19. Nf2 fxe5 20. fxe5 Nb8 21. O-O
Nc6 22. Qd2 Bd7 23. Nh3 a5 24. Rab1 Rab8 25. Bd1 Ne7 26. Bc2 Bb5 27. Qf2 Nf5
28. Rfd1 Be8 29. Nf4 h6 30. g4 Ne7 31. Qe3 a4 32. Rbc1 b3 33. Bb1 a3 34. Rd2
Bf7 35. g5 Nf5 36. Bxf5 exf5 37. e6 Be8 38. Nxd5 Qd6 39. Nc3 b2 40. Re1 1-0

[Event "Team women chess final 2018"]
[Site "Sochi"]
[Date "2018.05.04"]
[Round "4.2"]
[White "Trapeznikova, Darya"]
[Black "Nebolsina, Vera"]
[Result "1/2-1/2"]
[WhiteElo "2087"]
[BlackElo "2218"]
[PlyCount "120"]
[EventDate "2018.05.01"]

1. d4 Nf6 2. c4 g6 3. Nc3 Bg7 4. Nf3 d6 5. Bf4 Nh5 6. Bg5 h6 7. Bh4 g5 8. Bg3
Nd7 9. e3 Nxg3 10. hxg3 b6 11. Be2 Bb7 12. Qc2 e6 13. O-O-O Qe7 14. d5 Bxc3 15.
Qxc3 e5 16. Nd2 O-O-O 17. Bg4 Kb8 18. Ne4 Nf6 19. Nxf6 Qxf6 20. f3 Bc8 21. Bxc8
Rxc8 22. g4 c6 23. Kb1 Qg6+ 24. Qd3 c5 25. Rh3 Rh7 26. Qxg6 fxg6 27. Rdh1 Rch8
28. Kc2 Kc7 29. Kd3 Kd7 30. Ke4 Ke7 31. g3 Kf6 32. a4 h5 33. f4 exf4 34. exf4
Re7+ 35. Kd3 Rhe8 36. fxg5+ Kxg5 37. gxh5 Re2 38. g4 Rxb2 39. hxg6 Rb3+ 40. Kd2
Rxh3 41. Rxh3 Kxg6 42. Re3 Rh8 43. Re6+ Kg5 44. Rxd6 Rh2+ 45. Ke3 Kxg4 46. Rd7
Kf5 47. Rxa7 Rh3+ 48. Kd2 Ke4 49. Rb7 Kd4 50. d6 Rh2+ 51. Ke1 Kxc4 52. Rxb6 Rh7
53. a5 Rd7 54. Kd2 Kd5 55. a6 c4 56. Kc3 Kc5 57. Rb8 Kxd6 58. Kxc4 Kc6 59. Rh8
Kb6 60. Rh6+ Ka7 1/2-1/2

[Event "Team women chess final 2018"]
[Site "Sochi"]
[Date "2018.05.04"]
[Round "4.3"]
[White "Markelova, Lubov"]
[Black "Chan, Naruna"]
[Result "0-1"]
[WhiteElo "2127"]
[BlackElo "1927"]
[PlyCount "98"]
[EventDate "2018.05.01"]

1. d4 Nf6 2. Nf3 e6 3. e3 b6 4. Bd3 Bb7 5. Nbd2 d5 6. O-O Bd6 7. b3 O-O 8. Bb2
a5 9. a3 Nbd7 10. Ne5 Ne4 11. f3 Nxd2 12. Qxd2 c5 13. f4 f5 14. Nxd7 Qxd7 15.
a4 Rac8 16. dxc5 Bxc5 17. Bd4 Rc7 18. Bxc5 Rxc5 19. b4 axb4 20. Qxb4 Qc6 21.
Qd4 Ra8 22. Rf3 Qd7 23. h4 Ba6 24. Rg3 Bxd3 25. cxd3 Rca5 26. Qxb6 d4 27. Rc1
R5a7 28. Rc6 Qd8 29. Qxd8+ Rxd8 30. Rxe6 dxe3 31. Rexe3 Rd4 32. Rg5 g6 33. h5
Kf7 34. hxg6+ hxg6 35. Rh3 Kf6 36. Rhg3 Rg7 37. Rf3 Rxa4 38. Rgg3 Rd7 39. Rh3
Rdd4 40. Re3 Rxf4 41. Rh8 Ra1+ 42. Kh2 Rff1 43. Ree8 Kg5 44. Kh3 Rad1 45. Rd8
Kf4 46. Rd4+ Ke3 47. Rhd8 g5 48. R4d5 Rf4 49. Re8+ Kf2 0-1

[Event "Team women chess final 2018"]
[Site "Sochi"]
[Date "2018.05.04"]
[Round "4.4"]
[White "Azimova, Karina"]
[Black "Bulatova, Kamaliya"]
[Result "1/2-1/2"]
[WhiteElo "2059"]
[BlackElo "2121"]
[PlyCount "83"]
[EventDate "2018.05.01"]

1. e4 c5 2. Nc3 d6 3. f4 g6 4. Nf3 Bg7 5. d4 cxd4 6. Nxd4 Nc6 7. Be3 Bd7 8. Be2
a6 9. O-O Nf6 10. a3 Rc8 11. Nb3 Na5 12. Nxa5 Qxa5 13. Bd4 e5 14. Be3 Rxc3 15.
bxc3 Nxe4 16. Bf3 Qa4 17. Re1 O-O 18. fxe5 Bc6 19. Bd4 dxe5 20. Bxe4 exd4 21.
Bxc6 bxc6 22. Qd3 dxc3 23. Kh1 Qa5 24. a4 c5 25. Qc4 h5 26. Re7 Bf6 27. Ra7 Kg7
28. Rb1 Qd8 29. Rxa6 h4 30. h3 Bd4 31. Ra7 Qg5 32. Rf1 Bf6 33. a5 Qg3 34. Qf4
Qxf4 35. Rxf4 Rd8 36. Rf1 Rd2 37. Rc7 Rxc2 38. Rxc5 Ra2 39. Rc6 Be5 40. a6 c2
41. a7 Rxa7 42. Rxc2 1/2-1/2

[Event "Team women chess final 2018"]
[Site "Sochi"]
[Date "2018.05.04"]
[Round "4.1"]
[White "Simakova, Elena"]
[Black "Dordzhieva, Dinara"]
[Result "0-1"]
[WhiteElo "1948"]
[BlackElo "2301"]
[PlyCount "134"]
[EventDate "2018.05.01"]

1. e4 c5 2. Nf3 e6 3. c3 d5 4. e5 b6 5. d4 Qd7 6. Nbd2 Be7 7. Qc2 Nh6 8. Bd3
Ba6 9. Bxa6 Nxa6 10. O-O Rc8 11. Nb3 Nf5 12. Qe2 Nb8 13. Bg5 Bxg5 14. Nxg5 h6
15. Nf3 O-O 16. h3 Rc7 17. g4 Ne7 18. Nh4 cxd4 19. Nxd4 Rc4 20. Rad1 Nec6 21.
f4 Nxd4 22. cxd4 Rfc8 23. f5 Rc2 24. Rd2 Rc1 25. Kh2 Qc7 26. Rxc1 Qxc1 27. fxe6
fxe6 28. Ng6 Rc7 29. Qd3 Qc4 30. Qe3 Rf7 31. g5 Qf1 32. Nh4 hxg5 33. Qxg5 Nc6
34. Ng2 Rf2 35. h4 Rxd2 36. Qxd2 Qc4 37. Nf4 Qxd4 38. Qxd4 Nxd4 39. Kg3 Kf7 40.
Kg4 Nc6 41. Nd3 Kg6 42. Nf4+ Kh6 43. Nxe6 Nxe5+ 44. Kf5 Nd3 45. Nc7 Kh5 46.
Nxd5 Kxh4 47. Kg6 Nxb2 48. Kxg7 Kg4 49. Kf6 Nc4 50. Ke6 Kf3 51. Nc3 Ke3 52. Nb5
a5 53. Kd5 Kd3 54. Kc6 a4 55. Kd5 Na5 56. a3 Kc2 57. Kd4 Kb3 58. Kd5 Kb2 59.
Kd4 Kc2 60. Ke4 Kb2 61. Kd4 Kb3 62. Kd5 Ka2 63. Kd4 Kb2 64. Ke4 Nc4 65. Kd5
Nxa3 66. Nd4 Nc2 67. Nb5 a3 0-1

[Event "Team women chess final 2018"]
[Site "Sochi"]
[Date "2018.05.04"]
[Round "4.2"]
[White "Drozdova, Dina"]
[Black "Mironenko, Galina"]
[Result "1-0"]
[WhiteElo "2186"]
[BlackElo "2007"]
[PlyCount "109"]
[EventDate "2018.05.01"]

1. d4 d5 2. c4 c6 3. cxd5 cxd5 4. Nf3 Nc6 5. Nc3 Nf6 6. Bf4 Bf5 7. Qb3 Na5 8.
Qa4+ Bd7 9. Qc2 Qb6 10. e3 e6 11. Bd3 Be7 12. Ne5 Rc8 13. O-O h6 14. Nxd7 Nxd7
15. Qe2 Nf6 16. Na4 Qd8 17. Rfc1 O-O 18. Nc5 Bxc5 19. dxc5 Nc6 20. Bd6 Re8 21.
a3 Qd7 22. Qc2 d4 23. b4 dxe3 24. fxe3 a6 25. Rf1 Ng4 26. Qe2 Nge5 27. Bc2 Qd8
28. Rf4 f5 29. Rd1 Qg5 30. Rff1 h5 31. Bb3 Kh8 32. h3 Ng6 33. Bf4 Qh4 34. Rd6
Nf8 35. Kh2 g6 36. e4 Qe7 37. Qd2 Qg7 38. Ba4 Kh7 39. Bg3 Qe7 40. Rd1 Kg8 41.
exf5 exf5 42. Qh6 Qh7 43. Qg5 Qg7 44. Qc1 Kh7 45. Bh4 Re2 46. Bf6 Qf7 47. Qc3
Qe8 48. R1d4 Re3 49. Qd2 Re2 50. Rd7+ Nxd7 51. Rxd7+ Kg8 52. Bb3+ Re6 53. Rg7+
Kf8 54. Qh6 Rxf6 55. Qh8# 1-0

[Event "Team women chess final 2018"]
[Site "Sochi"]
[Date "2018.05.04"]
[Round "4.3"]
[White "Mukhina, Jana"]
[Black "Smirnova, Ekaterina"]
[Result "1-0"]
[WhiteElo "2041"]
[BlackElo "2149"]
[PlyCount "135"]
[EventDate "2018.05.01"]

1. e4 c6 2. d4 d5 3. Nc3 dxe4 4. Nxe4 Bf5 5. Ng3 Bg6 6. h4 h6 7. Nf3 Nd7 8. h5
Bh7 9. Bd3 Bxd3 10. Qxd3 Ngf6 11. Bd2 e6 12. O-O-O Qc7 13. Ne4 O-O-O 14. g3
Nxe4 15. Qxe4 Bd6 16. c4 c5 17. Qe2 Rhe8 18. Kb1 a6 19. Bc3 cxd4 20. Nxd4 Nf6
21. Nb3 Qc6 22. Bxf6 gxf6 23. Qe3 Kb8 24. Qxh6 Qe4+ 25. Ka1 Be5 26. Qc1 Rxd1
27. Qxd1 Qxc4 28. f4 Bc7 29. h6 Rh8 30. Qd7 Qc6 31. Qxc6 bxc6 32. Nc5 Kc8 33.
Ne4 Kd7 34. Nxf6+ Ke7 35. Ne4 f6 36. Kb1 a5 37. Kc2 Kf7 38. Kd3 Kg6 39. Ke3
Rxh6 40. Rxh6+ Kxh6 41. Nxf6 Kg6 42. Ng4 Kf5 43. Kf3 a4 44. Ne3+ Kf6 45. Nc4
Kf5 46. g4+ Kf6 47. Ke4 c5 48. a3 Ke7 49. Nd2 Ba5 50. Nb1 Be1 51. Nc3 Bf2 52.
Nxa4 Kd6 53. Nb6 Kc6 54. Nc4 Bd4 55. Ne5+ Kd6 56. b3 Bc3 57. g5 Ke7 58. f5
exf5+ 59. Kxf5 Bd2 60. g6 Bh6 61. a4 Bg7 62. a5 Kd6 63. Nc4+ Kd7 64. a6 Kc8 65.
Ke6 Kc7 66. Kf7 Ba1 67. Nd6 Bb2 68. Nb5+ 1-0

[Event "Team women chess final 2018"]
[Site "Sochi"]
[Date "2018.05.04"]
[Round "4.4"]
[White "Ivanova, Karina"]
[Black "Nasybullina, Dayana"]
[Result "1-0"]
[WhiteElo "2128"]
[BlackElo "1801"]
[PlyCount "65"]
[EventDate "2018.05.01"]

1. d4 Nf6 2. c4 e6 3. Nc3 Bb4 4. e3 c5 5. Nge2 b6 6. a3 Ba5 7. Rb1 Na6 8. Qa4
Bb7 9. b4 Bc6 10. b5 Be4 11. Rb2 cxd4 12. exd4 Nc7 13. Bd2 Bb7 14. Nf4 O-O 15.
Bd3 d6 16. O-O e5 17. Nfe2 Ne6 18. d5 Nc5 19. Qc2 Re8 20. Ng3 Bxc3 21. Bxc3
Nxd3 22. Qxd3 Rc8 23. Nf5 g6 24. Ne3 Nd7 25. Re2 Nc5 26. Qc2 Rc7 27. f4 f6 28.
Ng4 Bc8 29. Nh6+ Kg7 30. fxe5 fxe5 31. Ref2 Kxh6 32. Rf7 Bf5 33. Bd2+ 1-0

[Event "Team women chess final 2018"]
[Site "Sochi"]
[Date "2018.05.04"]
[Round "4.1"]
[White "Yakimenko, Viktoria"]
[Black "Pogorelskikh, Sofia"]
[Result "1-0"]
[WhiteElo "2048"]
[BlackElo "2053"]
[PlyCount "69"]
[EventDate "2018.05.01"]
[WhiteTeam "Аудиторская компания "]

1. e4 c5 2. Nf3 d6 3. d4 cxd4 4. Qxd4 Nf6 5. Bg5 e6 6. Nc3 Nc6 7. Qd2 Be7 8.
O-O-O O-O 9. h4 Qa5 10. Rh3 a6 11. Rg3 b5 12. Bd3 b4 13. Nb1 e5 14. Bh6 Nh5 15.
Bxg7 Nxg3 16. Qh6 Nh5 17. Bxf8 Bxf8 18. Qxh5 Qxa2 19. b3 h6 20. Bc4 Ra7 21.
Qg6+ Kh8 22. Bxf7 Ne7 23. Qg3 Rc7 24. Ne1 Rc6 25. Be8 h5 26. Qg5 Bg4 27. Rd2
Rc8 28. Qf6+ Bg7 29. Qxe7 Bh6 30. Qf6+ Bg7 31. Qg6 Qxb3 32. Bf7 Qa4 33. f3 b3
34. fxg4 Qa1 35. Qxh5+ 1-0

[Event "Team women chess final 2018"]
[Site "Sochi"]
[Date "2018.05.04"]
[Round "4.2"]
[White "Gutkovich, Polina"]
[Black "Porozhnyak, Maya"]
[Result "1-0"]
[WhiteElo "2057"]
[BlackElo "2021"]
[PlyCount "149"]
[EventDate "2018.05.01"]
[BlackTeam "Аудиторская компания "]

1. d4 g6 2. e4 Bg7 3. Nc3 c5 4. Be3 Qa5 5. Qd2 cxd4 6. Bxd4 Bxd4 7. Qxd4 Nf6 8.
Nf3 Nc6 9. Qd2 d6 10. h3 O-O 11. Bd3 a6 12. O-O Qh5 13. Qf4 Kg7 14. Rae1 e5 15.
Qg3 Be6 16. Nd2 Qh6 17. Nc4 Rad8 18. Ne3 Nh5 19. Qh2 Nf4 20. Bc4 Bxc4 21. Nxc4
Nd4 22. Ne3 Rc8 23. Kh1 Qg5 24. h4 Qd8 25. Qg3 Qb6 26. Rb1 Kh8 27. Ned5 Nxd5
28. Nxd5 Qd8 29. c3 Ne6 30. Rbd1 f5 31. f3 Nc5 32. Rfe1 fxe4 33. b4 Na4 34.
Rxe4 Nxc3 35. Nxc3 Rxc3 36. Rxe5 Qf6 37. Re4 Rd8 38. Red4 Rc6 39. Qg4 Re8 40.
Rf4 Qe6 41. Re4 Qf7 42. Rxe8+ Qxe8 43. Qd4+ Kg8 44. a4 Qe6 45. Qf2 d5 46. Re1
Qd7 47. Qd4 Qd6 48. Kg1 Rc4 49. Re8+ Kf7 50. Qh8 Rc1+ 51. Kf2 Rc2+ 52. Kf1 Rc1+
53. Ke2 Rc2+ 54. Kd1 Rc1+ 55. Kxc1 Qc6+ 56. Kd2 Qxe8 57. Qxh7+ Kf6 58. Qxb7
Qxa4 59. g4 Qa2+ 60. Ke3 Qb3+ 61. Kf4 Qc4+ 62. Kg3 d4 63. g5+ Ke6 64. Qe4+ Kd7
65. h5 gxh5 66. g6 h4+ 67. Kxh4 Qf1 68. Qxd4+ Kc7 69. Qe5+ Kb6 70. Qe3+ Kb5 71.
g7 Qc4+ 72. Qe4 Qf7 73. Qd3+ Kxb4 74. Qd6+ Kb3 75. Qf8 1-0

[Event "Team women chess final 2018"]
[Site "Sochi"]
[Date "2018.05.04"]
[Round "4.3"]
[White "Yakimenko, Anastasia"]
[Black "Makarova, Darya"]
[Result "1/2-1/2"]
[WhiteElo "2013"]
[BlackElo "1892"]
[PlyCount "68"]
[EventDate "2018.05.01"]
[WhiteTeam "Аудиторская компания "]

1. Nf3 d5 2. g3 Nf6 3. Bg2 c6 4. O-O Bg4 5. d4 Nbd7 6. Nbd2 e6 7. Re1 Be7 8. e4
dxe4 9. Nxe4 Nxe4 10. Rxe4 Nf6 11. Re1 O-O 12. c3 Qb6 13. Qb3 Bxf3 14. Bxf3
Rfd8 15. Bf4 Nd5 16. Be5 Qxb3 17. axb3 f6 18. Bf4 Nxf4 19. gxf4 Kf7 20. Ra5 g6
21. b4 a6 22. Be2 Rd6 23. Bc4 Bd8 24. Raa1 Bc7 25. Re3 f5 26. h4 Re8 27. Kg2
Rd7 28. Kf3 h6 29. Rae1 Rde7 30. R3e2 Kf6 31. Re3 Kf7 32. R3e2 Kf6 33. Re3 Kf7
34. R3e2 Kf6 1/2-1/2

[Event "Team women chess final 2018"]
[Site "Sochi"]
[Date "2018.05.04"]
[Round "4.4"]
[White "Kalashnikova, Elena"]
[Black "Sergeeva, Natalia"]
[Result "0-1"]
[WhiteElo "1785"]
[BlackElo "1985"]
[PlyCount "84"]
[EventDate "2018.05.01"]
[BlackTeam "Аудиторская компания "]

1. e4 c5 2. Nf3 d6 3. Bb5+ Nd7 4. d4 cxd4 5. Qxd4 a6 6. Bxd7+ Bxd7 7. O-O Nf6
8. c4 g6 9. Nc3 Bg7 10. Bg5 O-O 11. Qd3 h6 12. Bxf6 Bxf6 13. Rac1 Rc8 14. Rfe1
Re8 15. e5 dxe5 16. Nxe5 Bf5 17. Qxd8 Rexd8 18. Nd5 Rxd5 19. cxd5 Rxc1 20. Rxc1
Bxe5 21. b3 Kf8 22. f3 h5 23. g3 Ke8 24. Kf2 Bd4+ 25. Ke2 Kd7 26. Rd1 Bc5 27.
Kd2 Kd6 28. Kc3 a5 29. a4 g5 30. Kc4 b6 31. Rc1 Bc8 32. Kb5 Bb7 33. Rd1 Bxd5
34. Rd3 e5 35. h3 f5 36. g4 e4 37. fxe4 fxe4 38. Rd1 hxg4 39. hxg4 e3 40. Rf1
e2 41. Re1 Bf3 42. Kc4 Bf2 0-1

[Event "Team women chess final 2018"]
[Site "Sochi"]
[Date "2018.05.05"]
[Round "5.1"]
[White "Nikitina, Elena"]
[Black "Ambartsumova, Karina"]
[Result "0-1"]
[WhiteElo "2047"]
[BlackElo "2375"]
[PlyCount "108"]
[EventDate "2018.05.01"]
[WhiteTeam "Команда СК "]

1. e4 d6 2. d4 g6 3. Nf3 Bg7 4. Bc4 Nf6 5. Qe2 O-O 6. Bg5 c6 7. Nc3 b5 8. Bd3
b4 9. Nd1 h6 10. Bd2 c5 11. c3 a5 12. a3 bxc3 13. bxc3 Nfd7 14. O-O Ba6 15. Rb1
Bxd3 16. Qxd3 Nc6 17. d5 Nce5 18. Nxe5 Nxe5 19. Qe2 c4 20. Nb2 Qc7 21. f4 Nd3
22. Nxd3 cxd3 23. Qxd3 Qc5+ 24. Kh1 Qxa3 25. Ra1 Qc5 26. Rfb1 Rfb8 27. h3 Rxb1+
28. Rxb1 a4 29. Ra1 a3 30. Ra2 Ra4 31. c4 Qxc4 32. Rxa3 Qxd3 33. Rxd3 Rxe4 34.
Kg1 Bd4+ 35. Kh2 f5 36. Kg3 Kf7 37. Kf3 Bf6 38. Be3 Rb4 39. Bf2 Ra4 40. Be3 Rc4
41. Bf2 Ke8 42. g4 fxg4+ 43. hxg4 Kf7 44. Rd1 h5 45. Be3 Rc3 46. Ke4 hxg4 47.
Rg1 e6 48. Re1 Rc4+ 49. Kd3 exd5 50. Rg1 Rc3+ 51. Ke2 g3 52. Rxg3 d4 53. Bf2
Rc2+ 54. Ke1 Rxf2 0-1